|
|
|
|
| LEADER |
00000nam a2200000 i 4500 |
| 001 |
1/88514 |
| 008 |
970414s1986 spa d |
| 020 |
|
|
|a 980-259-080-0
|
| 035 |
|
|
|a 1988
|b 1
|c Δωρεά
|l 10035518
|
| 040 |
|
|
|a GR-MY-UA
|b gre
|e aacr
|
| 041 |
0 |
|
|a spa
|
| 082 |
0 |
|
|a 938
|
| 100 |
1 |
|
|a Castillo Didier, Miguel.
|
| 245 |
1 |
0 |
|a Miranda y Grecia /
|c Miguel Castillo Didier
|
| 260 |
|
|
|a Caracas :
|b Lagoven,
|c 1986
|
| 300 |
|
|
|a 111 p.;
|b ill., ports.;
|c 21 cm
|
| 600 |
0 |
0 |
|a Miranda Francisco de
|d 1750-1816.
|
| 651 |
|
0 |
|a Greece
|x Civilization
|y To 146 B.C.
|
| 852 |
|
|
|a INST
|b RHODES
|e 19970414
|h 938 CAS
|p 005400000280
|q 005400000280
|t BK
|y 0
|
| 909 |
|
|
|a Ρ
|b 009136
|